|
|
|
|
| LEADER |
00000nam0a2200000 4500 |
| 001 |
262639 |
| 005 |
20231031222122.0 |
| 010 |
|
|
|a 5229001720
|
| 035 |
|
|
|a (RuTPU)RU\TPU\book\285622
|
| 090 |
|
|
|a 262639
|
| 100 |
|
|
|a 20140603d1988 k y0rusy50 ca
|
| 101 |
0 |
|
|a rus
|
| 102 |
|
|
|a RU
|
| 105 |
|
|
|a a z 001zy
|
| 200 |
1 |
|
|a Электрохимические методы в металловедении и фазовом анализе
|f Э. Т. Шаповалов, Л. И. Баранова, Г. О. Зекцер
|
| 210 |
|
|
|a Москва
|c Металлургия
|d 1988
|
| 215 |
|
|
|a 166 с.
|c ил.
|
| 320 |
|
|
|a Библиогр.: с. 158-165.
|
| 606 |
1 |
|
|a Металлы
|x Химия
|2 stltpush
|3 (RuTPU)RU\TPU\subj\43241
|
| 610 |
1 |
|
|a электрохимические методы
|
| 610 |
1 |
|
|a металловедение
|
| 610 |
1 |
|
|a фазовый анализ
|
| 610 |
1 |
|
|a поляризационные кривые
|
| 610 |
1 |
|
|a электрохимические свойства
|
| 610 |
1 |
|
|a практическое применение
|
| 675 |
|
|
|a 669:54
|v 3
|
| 700 |
|
1 |
|a Шаповалов
|b Э. Т.
|g Энар Тихонович
|
| 701 |
|
1 |
|a Баранова
|b Л. И.
|g Людмила Ивановна
|
| 701 |
|
1 |
|a Зекцер
|b Г. О.
|g Галина Овсеевна
|
| 801 |
|
1 |
|a RU
|b 63413507
|c 20140603
|
| 801 |
|
2 |
|a RU
|b 63413507
|c 20150401
|g RCR
|
| 942 |
|
|
|c BK
|